Kancléř tří prezidentů
| Titel: | Kancléř tří prezidentů : Dr. Ladislav Novák : volné pokračování vzpomínek syna Jiřího na svého tátu Dr. Ladislava Nováka |
|---|---|
| Verfasser: | ; |
| Ausgabe: | První vydání |
| Veröffentlicht: | Praha : Sale and Export Corporation, s.r.o., 2019 |
| Umfang: | 155 Seiten : Illustrationen, Porträts ; 22 cm |
| Format: | Buch |
| Sprache: | Tschechisch |
| ISBN: | 9788027054237 |
| Hinweise zum Inhalt: |
Inhaltsverzeichnis
|
alg: 46986910 001A $03004:29-09-20 001B $01999:05-01-21 $t11:33:10.000 001D $03004:29-09-20 001U $0utf8 001X $00 002@ $0Aau 002C $aText $btxt $2rdacontent 002D $aohne Hilfsmittel zu benutzen $bn $2rdamedia 002E $aBand $bnc $2rdacarrier 003@ $0469869100 004A $A978-80-270-5423-7 006C $01145243320 $aOCoLC 007A $0BV046627914 $aBVB 007G $0DE0202D3E735D1C5DC7D3C12586530051090C 009P $qapplication/pdf $A2 $3Inhaltsverzeichnis $uhttp://scans.hebis.de/HEBCGI/show.pl?46986910_toc.pdf $mV:DE-603;B:DE-Mb50 010@ $acze 010E $erda 011@ $a2019 $n2019 021A $aKancléř tří prezidentů $dDr. Ladislav Novák : volné pokračování vzpomínek syna Jiřího na svého tátu Dr. Ladislava Nováka 028C $BVerfasser $4aut $71033447196 $8Novák, Ladislav$Z1922-2002 [Tp3] $9320454142 028C $BVerfasser $4aut $8Novák, Jiří$Z1955- [Tp3] $9461022370 032@ $aPrvní vydání 033A $pPraha $nSale and Export Corporation, s.r.o. 034D $a155 Seiten 034I $a22 cm 034M $aIllustrationen, Porträts 044K $qBVB $71033447196 $8Novák, Ladislav$Z1922-2002 [Tp3] $9320454142 044K $qBVB $RProtektorat Böhmen und Mähren $RSlowakei $RSlowakei $RTschechien $#Tschechoslowakei $#Tschechoslowakei $#Tschechische und Slowakische Föderative Republik $#République Tchéco-Slovaque $#Tchécoslovaquie $#Československá Federativní Republika $#Česká a Slovenská Federativní Republika $#Czech and Slovak Federal Republic $#ČSFR $#ČSSR $#ČSR $#RČS $#Československo $#Československá Socialistická Republika $#Československá Republika $#Tschechoslowakische Sozialistische Republik $#Tschechoslowakische Republik $#Tschechoslowakische Föderative Republik $#Republika Československá $#Czechoslovakia $#Čechoslovakische Republik $#République Tchécho-Slovaque $#Tchéchoslovaquie $#Czechoslovak Socialist Republic $#Checoeslovaquia $#Cecoslovacchia $#Čechoslovakija $#République tchécoslovaque $74078435-6 $8Tschechoslowakei [Tg1] $9085222305 044K $qBVB $RPräsidentin $RExpräsident $#Presidents $#Présidents $#Präsident $74115611-0 $8Präsident [Ts1] $9085350125 044K $qBVB $RArbeitnehmer $RBelegschaft $RMitarbeiterin $#Employees $#Personnel $#Mitarbeiter $#Personal $#Personal $74120744-0 $8Mitarbeiter [Ts1] $9085387053 044K $qBVB $RBesatzungspolitik $RBesatzungsmacht $RBesetzte Gebiete $#Military occupation $#Occupation militaire $#Occupazione bellica $#Invasion $#Besatzung Völkerrecht $#Okkupation $74006020-2 $8Besetzung [Ts1] $9085008095 045F $a909 $eDDC23BSB 045F/01 $a909 045F/03 $f0904 045F/03 $g437 045F/03 $g4371 045R $aGeschichte 1945-1989 045R/01 $aGeschichte 1968 045T $aOST $qDE-12 $2FID 046L $aZusammenfassung in Sprache lok: 46986910 24 exp: 46986910 24 1 #EPN 201B/01 $029-09-20 $t10:59:34.000 201C/01 $011-08-20 201U/01 $0utf8 203@/01 $01117849767 208@/01 $a29-09-20 $bz 209A/01 $a20.03747 $du $f050 $h20 03747 $x00 209C/01 $a20.03747 K $h20 03747 K 209G/01 $a74226850 $x00 220C/01 $akon 247C/01 $8358050-7Marburg, Bibliothek des Herder-Instituts Marburg $9102600961 lok: 46986910 78 exp: 46986910 78 1 #EPN 201B/01 $003-12-20 $t11:22:55.000 201C/01 $003-12-20 201U/01 $0utf8 203@/01 $01131655397 208@/01 $a03-12-20 $be 209A/01 $a/ $f000 $x00 209A/01 $ab*p $x01 220C/01 $apgar 244Z/01 $#Böhmische Kronländer $#Länder der Böhmischen Krone $#Sudetenland $#Böhmen $#Mähren $#Mährisch-Schlesien $#Österreichisch-Schlesien $#Tschechische Sozialistische Republik Böhmische Länder $#Tschechei Böhmische Länder $#Země koruny české $74069573-6 $8--Tg1--Böhmische Länder $x01 $9085195553 244Z/01 $#Tschechoslowakei $#Tschechoslowakei $#Tschechische und Slowakische Föderative Republik $#République Tchéco-Slovaque $#Tchécoslovaquie $#Československá Federativní Republika $#Česká a Slovenská Federativní Republika $#Czech and Slovak Federal Republic $#ČSFR $#ČSSR $#ČSR $#RČS $#Československo $#Československá Socialistická Republika $#Československá Republika $#Tschechoslowakische Sozialistische Republik $#Tschechoslowakische Republik $#Tschechoslowakische Föderative Republik $#Republika Československá $#Czechoslovakia $#Čechoslovakische Republik $#République Tchécho-Slovaque $#Tchéchoslovaquie $#Czechoslovak Socialist Republic $#Checoeslovaquia $#Cecoslovacchia $#Čechoslovakija $#République tchécoslovaque $74078435-6 $8--Tg1--Tschechoslowakei $x02 $9085222305 247C/01 $82080>Marburg/Lahn, Herder-Institut, Forschungsbibliothek, Bibliographieportal $9336309341
| LEADER | 00000cam a2200000 c 4500 | ||
|---|---|---|---|
| 001 | 469869100 | ||
| 003 | DE-603 | ||
| 005 | 20210105113310.0 | ||
| 007 | tu | ||
| 008 | 200929s2019 xx |||| | u00||u|cze c | ||
| 020 | |a 9788027054237 | ||
| 035 | |a (DE-599)BVBBV046627914 | ||
| 040 | |a DE-603 |b ger |c DE-603 |d DE-603 |e rda | ||
| 041 | |a cze | ||
| 082 | 0 | 4 | |8 1\u |a 909 |q DE-101 |2 23/BSB |
| 084 | |a OST |q DE-12 |2 fid | ||
| 085 | |8 1\u |b 909 | ||
| 085 | |8 1\u |z 1 |s 0904 | ||
| 085 | |8 1\u |z 2 |s 437 | ||
| 085 | |8 1\u |z 2 |s 4371 | ||
| 245 | 0 | 0 | |a Kancléř tří prezidentů |b Dr. Ladislav Novák : volné pokračování vzpomínek syna Jiřího na svého tátu Dr. Ladislava Nováka |
| 250 | |a První vydání | ||
| 264 | 1 | |a Praha |b Sale and Export Corporation, s.r.o. |c 2019 | |
| 300 | |a 155 Seiten |b Illustrationen, Porträts |c 22 cm | ||
| 336 | |a Text |b txt |2 rdacontent | ||
| 337 | |a ohne Hilfsmittel zu benutzen |b n |2 rdamedia | ||
| 338 | |a Band |b nc |2 rdacarrier | ||
| 546 | |a Zusammenfassung in Sprache | ||
| 600 | 1 | 7 | |a Novák, Ladislav |d 1922-2002 |0 (DE-588)1033447196 |0 (DE-603)320454142 |2 gnd |
| 648 | 7 | |a Geschichte 1945-1989 |2 gnd | |
| 648 | 7 | |a Geschichte 1968 |2 gnd | |
| 650 | 7 | |a Präsident |0 (DE-588)4115611-0 |0 (DE-603)085350125 |2 gnd | |
| 650 | 7 | |a Mitarbeiter |0 (DE-588)4120744-0 |0 (DE-603)085387053 |2 gnd | |
| 650 | 7 | |a Besetzung |0 (DE-588)4006020-2 |0 (DE-603)085008095 |2 gnd | |
| 651 | 7 | |a Tschechoslowakei |0 (DE-588)4078435-6 |0 (DE-603)085222305 |2 gnd | |
| 700 | 1 | |a Novák, Ladislav |d 1922-2002 |e Verfasser |4 aut |0 (DE-603)320454142 |0 (DE-588)1033447196 |2 gnd | |
| 700 | 1 | |a Novák, Jiří |d 1955- |e Verfasser |4 aut |0 (DE-603)461022370 |0 (DE-588)1206425210 |2 gnd | |
| 856 | 4 | 2 | |m V:DE-603;B:DE-Mb50 |q application/pdf |u http://scans.hebis.de/HEBCGI/show.pl?46986910_toc.pdf |3 Inhaltsverzeichnis |
| 924 | 0 | |9 Mb 50 |a (DE-603)1117849767 |b DE-Mb50 |c HES |d c |g 20.03747 | |
| 924 | 0 | |9 2080 |a (DE-603)1131655397 |b DE-2080 |c HES |d d |g / | |


